000 00575nam a2200181 i 4500
001 149531
003 ES-MaACL
005 20230906203137.0
007 t|
008 071023s1949 sp ||||1| spa d
100 1 _aVázquez Cuesta, Pilar.
_9113409
245 1 0 _aGramática portuguesa /
_cPilar Vázquez Cuesta, Mª Albertina M. da Luz.
260 _aMadrid :
_bRicardo Aguilera,
_c1949.
300 _aX, 229 p. ;
_c21 cm.
650 4 _aLengua portuguesa-
_xGramática.
_914315
700 1 _aLuz, Maria Albertina Mendes da.
_974900
852 _aES-MaACL
_jD-7724
_bR.27408
999 _c149531
_d149531